| 000 | 00791nam a2200217 a 4500 | ||
|---|---|---|---|
| 999 |
_c2029 _d2029 |
||
| 001 | 2029 | ||
| 003 | BD-JhCC | ||
| 005 | 20171029100054.0 | ||
| 008 | 171028s1377 bg |||| ||a| 000 0 ben d | ||
| 035 | _a(BD-JhCC)2029 | ||
| 040 |
_aBD-JhCC _dBD-JhCC |
||
| 041 | _aben | ||
| 082 |
_a891.4409 _bMON 1377 |
||
| 100 | _aমনিরুজ্জামান, মোহাম্মদ | ||
| 245 |
_aআধুনিক বাংলা কাব্যে হিন্দু-মুসলমান সম্পর্ক : _b১৮৫৭-১৯২০ / _cমোহাম্মদ মনিরুজ্জামান |
||
| 260 |
_aঢাকা : _bবাংলা একাডেমী, _c1377. |
||
| 300 |
_a454 p. : _c22 cm. |
||
| 650 | _aBengali Literature | ||
| 942 |
_2ddc _cBK |
||